Vývoj extrémnej chudoby v subsaharskej Afrike, vplyv na hospodárstvo regiónu a medzinárodné iniciatívy na odstránenie chudoby diplomová práca

Saved in:
Bibliographic Details
Main Author: Baková, Andrea
Corporate Author: Obchodná fakulta EU. Katedra medzinárodného obchodu
Other Authors: Zubaľová, Ľubica, 1969-
Format: Book
Language:Slovak
Published: Bratislava 2018
Tags: Add Tag
No Tags, Be the first to tag this record!

MARC

LEADER 00000nbm a2200000 4500
001 0247323
005 20181219124001.6
041 0 |a slo 
044 |a SK 
245 1 0 |a Vývoj extrémnej chudoby v subsaharskej Afrike, vplyv na hospodárstvo regiónu a medzinárodné iniciatívy na odstránenie chudoby  |b diplomová práca  |c Andrea Baková ; školiteľ: Ľubica Zubaľová 
264 1 |a Bratislava  |c 2018 
300 |a 76 s. 
100 1 |a Baková, Andrea 
700 1 |a Zubaľová, Ľubica, 1969- 
710 2 |a Obchodná fakulta EU. Katedra medzinárodného obchodu